| 000 | 00977cab a22001935a 4500 | ||
|---|---|---|---|
| 001 | L153126 | ||
| 008 | 110610e2011 xxk 000 0 eng d | ||
| 035 | _a(Sirsi) u153126 | ||
| 041 | 0 | _aeng | |
| 100 | 1 | _aPhillips, Mike | |
| 245 | 0 | 0 | _aSentiment improves after tough first quarter |
| 260 | _c2011 | ||
| 490 | 0 |
_aProperty Week _v77(22) 3 June 2011, 20-21(2) |
|
| 520 | _aThe latest Lloyds Bank Corporate Markets' "Commercial Property Confidence Monitor" reveals greater confidence in the UK commercial property sector in Q2 2011 and a growing consensus that the market is heading for a sustained recovery. Attitudes of companies to cash reserves have polarised. Small, medium-sized and large businesses see house building and out-of-town retail are seen as the best performing sectors over the next three to six months. | ||
| 590 | _aKA | ||
| 651 | 4 |
_aUnited Kingdom _y |
|
| 690 | _aPROPERTY-COMMERCIAL PROPERTY-COMMERCIAL PROPERTY FINANCE AND INVESTMENT | ||
| 942 | _n0 | ||
| 999 |
_c83197 _d83197 |
||